Governing in Black Africa: perspectives on new states (Record no. 44828)
[ view plain ]
| 000 -LEADER | |
|---|---|
| fixed length control field | 00661nam a2200181 a 4500 |
| 008 - FIXED-LENGTH DATA ELEMENTS--GENERAL INFORMATION | |
| fixed length control field | 120416s1970 ||||||||||||||||| || u |
| 020 ## - INTERNATIONAL STANDARD BOOK NUMBER | |
| International Standard Book Number | 0133605868 |
| 050 ## - LIBRARY OF CONGRESS CALL NUMBER | |
| Classification number | DT 31 Gov |
| 100 ## - MAIN ENTRY--PERSONAL NAME | |
| Personal name | Doro, Marion E |
| 245 10 - TITLE STATEMENT | |
| Title | Governing in Black Africa: perspectives on new states |
| Statement of responsibility, etc. | edited by Marion E. Doro |
| 260 ## - PUBLICATION, DISTRIBUTION, ETC. | |
| Place of publication, distribution, etc. | Englewood Cliffs, NJ: |
| Name of publisher, distributor, etc. | Prentice-Hall |
| Date of publication, distribution, etc. | 1970 |
| 300 ## - PHYSICAL DESCRIPTION | |
| Extent | v, 362p. |
| 350 ## - PRICE (NR) (BK AM CF MU VM SE) [OBSOLETE] | |
| Price | 0.00 |
| 650 #7 - SUBJECT ADDED ENTRY--TOPICAL TERM | |
| Topical term or geographic name entry element | AFRICA |
| Source of heading or term | fast |
| 650 #0 - SUBJECT ADDED ENTRY--TOPICAL TERM | |
| Topical term or geographic name entry element | AFRICA--POLITICS AND GOVERNMENT--1960 |
| 700 ## - ADDED ENTRY--PERSONAL NAME | |
| Personal name | Stultz, Newell M |
| 995 ## - RECOMMENDATION 995 [LOCAL, UNIMARC FRANCE] | |
| -- | 0.00 |
| -- | CBU-MAIN LIBRARY (Kitwe) |
| -- | 1 |
| -- | 12.00 |
| -- | 1 |
| -- | DAMAGED |
| -- | Main Library Open Access Collection |
| Withdrawn status | Lost status | Source of classification or shelving scheme | Damaged status | Not for loan | Home library | Current library | Shelving location | Date acquired | Total Checkouts | Full call number | Barcode | Date last seen | Price effective from | Koha item type |
|---|---|---|---|---|---|---|---|---|---|---|---|---|---|---|
| CBU-MAIN LIBRARY, KITWE. | CBU-MAIN LIBRARY, KITWE. | 11/30/2022 | DT 31 Gov | 000720 | 11/30/2022 | 11/30/2022 | MONOGRAPH |